| 000 | 00905nas a2200301 4500 | ||
|---|---|---|---|
| 001 | BR9703546 | ||
| 003 | BR-BrBNA | ||
| 005 | 20231205100316.0 | ||
| 007 | ta | ||
| 008 | 230509b bl.|||p| |||| 00| 00por d | ||
| 040 |
_aBR-BrBNA _bpor _cBiblioteca Nacional de Agricultura |
||
| 041 | _a(En) | ||
| 072 | _aL72 | ||
| 100 | 1 | _aBechara, G.H. | |
| 100 | 1 | _aSzabo, M.P.J. | |
| 100 | 1 | _aFerreira, B.R. | |
| 100 | 1 | _aGarcia, M.V. | |
| 245 | 1 | _aRhipicephalus sanguineus tick in Brazil: feeding and reproductive aspects under laboratorial conditions | |
| 650 | _aCarrapato | ||
| 650 | _aEficiencia Reprodutiva | ||
| 650 | _aCao | ||
| 650 | _aHamster | ||
| 650 | _aCobaia | ||
| 650 | _aSao Paulo | ||
| 773 | 0 |
_tRevista Brasileira de Parasitologia Veterinaria (Brazil) _xISSN 0103-846X _g(Aug 1995), v. 4(2) p. 61-66 _wBR9703546 |
|
| 909 |
_a202311 _bLúcia _c55 _dLúcia Elande |
||
| 942 |
_2AGRIS _n0 _cANA |
||
| 999 |
_c155286 _d155286 |
||